[Event "Hasselbacken Open 2016"]
[Site "Stockholm SWE"]
[Date "2016.05.07"]
[Round "8.25"]
[White "Smith, Axel"]
[Black "Nygren, Kim"]
[Result "1-0"]
[WhiteTitle "IM"]
[WhiteElo "2503"]
[BlackElo "2267"]
[WhiteFideId "1707930"]
[BlackFideId "1706136"]
[EventDate "2016.04.30"]

1. d4 e6 2. c4 b6 3. e4 Bb7 4. Bd3 Bb4+ 5. Kf1 Nc6 6. Nf3 Be7 7. Nc3 d6 8. g3
Qd7 9. Kg2 h5 10. h4 Nh6 11. d5 Nb4 12. Be2 c5 13. a3 Na6 14. b4 Bf6 15. Bb2
Bxc3 16. Bxc3 e5 17. b5 Nc7 18. a4 f5 19. Ng5 O-O 20. Bxh5 fxe4 21. Qc2 Rf5 22.
Qxe4 Raf8 23. f3 Ne8 24. Bxe8 Rxe8 25. a5 Bc8 26. axb6 axb6 27. Ra8 g6 28. Bd2
Ref8 29. Ne6 Qb7 30. Rxc8 Rxc8 31. Bxh6 Ra8 32. g4 Ra2+ 33. Kh3 Qa7 34. gxf5 Qa3
35. Qg4 1-0

[Event "Hasselbacken Open 2016"]
[Site "Stockholm SWE"]
[Date "2016.05.07"]
[Round "8.26"]
[White "Akesson, Ralf"]
[Black "Lindborg, Petter"]
[Result "1/2-1/2"]
[WhiteTitle "GM"]
[WhiteElo "2452"]
[BlackElo "2232"]
[WhiteFideId "1700120"]
[BlackFideId "1710338"]
[EventDate "2016.04.30"]

1. d4 e6 2. c4 f5 3. g3 Nf6 4. Bg2 c6 5. Nd2 d5 6. Qc2 Bd6 7. Nh3 O-O 8. O-O b6
9. Nf3 Ne4 10. Ne5 Bb7 11. f3 Nf6 12. cxd5 cxd5 13. Bf4 Qe7 14. Rac1 Na6 15. Nc6
Qd7 16. Bxd6 Qxd6 17. Ne5 Nd7 18. f4 Rac8 19. Qb3 Nxe5 20. fxe5 Qb4 21. Qxb4
Nxb4 22. Kf2 a5 23. a3 Nc6 24. e3 Na7 25. Ng5 Rxc1 26. Rxc1 Rc8 27. Rxc8+ Bxc8
28. Bf1 h6 29. Nf3 Bd7 30. Ke1 Kf7 31. Kd2 Bb5 32. Bxb5 Nxb5 33. Kc2 g5 34. Ng1
Ke7 35. Kb3 Nc7 36. Ka4 Kd7 37. h4 Ke7 38. Nh3 gxh4 39. gxh4 Kd7 40. Nf4 Ke7 41.
Nh5 Kf7 42. Nf4 Ke7 43. Ng6+ Kf7 44. h5 Ke8 45. Nh4 Kf7 46. Nf3 Ke7 47. Ng1 Ke8
48. Nh3 Ke7 49. Nf4 Kd7 50. Ng6 Ke8 51. b4 axb4 52. Kxb4 Kf7 53. a4 Ke8 54. a5
bxa5+ 55. Kxa5 Kd7 56. Kb6 Ne8 57. Nf8+ Ke7 58. Nh7 Kf7 59. Kc6 Kg7 60. Kd7 Kf7
61. Kd8 f4 62. exf4 Ng7 63. Nf6 Nf5 64. Ng4 Nxd4 65. Nxh6+ Kg7 66. Ng4 Ne2 67.
f5 exf5 68. Ne3 Nd4 69. Kd7 Kh6 70. Nxd5 Kxh5 71. e6 Nxe6 1/2-1/2

[Event "Hasselbacken Open 2016"]
[Site "Stockholm SWE"]
[Date "2016.05.07"]
[Round "8.27"]
[White "Anurag, Mhamal"]
[Black "Henderson de La Fuente, Lance"]
[Result "1/2-1/2"]
[WhiteTitle "IM"]
[WhiteElo "2421"]
[BlackElo "2224"]
[WhiteFideId "5024366"]
[BlackFideId "32096585"]
[EventDate "2016.04.30"]

1. Nf3 Nf6 2. b3 g6 3. Bb2 Bg7 4. g3 b6 5. Bg2 Bb7 6. O-O O-O 7. c4 c5 8. Nc3 d5
9. Nxd5 Nxd5 10. Bxg7 Kxg7 11. cxd5 Qxd5 12. d4 cxd4 13. Nh4 Qd7 14. Bxb7 Qxb7
15. Qxd4+ Kg8 16. Rac1 Nd7 17. Rc4 Nf6 18. Rfc1 Rac8 19. Qe5 Rxc4 20. Rxc4 Rd8
21. Nf3 Rd7 22. a4 Qd5 23. Rc8+ Kg7 24. Qb8 Qd1+ 25. Kg2 Qd6 26. Qxd6 Rxd6 27.
b4 Nd5 28. b5 Rd7 29. Ne5 Rc7 30. Rxc7 Nxc7 31. Nc6 Ne6 32. Nxe7 Nc5 33. Nc8
Nxa4 34. Nxa7 Kf6 35. Kf3 Ke5 36. Ke3 Kd5 37. Kd3 Kc5 38. e4 Nb2+ 39. Kc2 Nc4 1/2-1/2

[Event "Hasselbacken Open 2016"]
[Site "Stockholm SWE"]
[Date "2016.05.07"]
[Round "8.28"]
[White "Poulopoulos, Ioannis"]
[Black "Almasi, Istvan"]
[Result "0-1"]
[BlackTitle "IM"]
[WhiteElo "2214"]
[BlackElo "2420"]
[WhiteFideId "4218078"]
[BlackFideId "701742"]
[EventDate "2016.04.30"]

1. d4 Nf6 2. Nf3 c5 3. c4 cxd4 4. Nxd4 b6 5. Nc3 Bb7 6. Qc2 e6 7. a3 Bc5 8. Nb3
Be7 9. e4 d6 10. Be2 O-O 11. O-O a6 12. Bf4 Qc7 13. Bg3 Nbd7 14. f4 b5 15. cxb5
Nxe4 16. bxa6 Nxg3 17. axb7 Nxe2+ 18. Qxe2 Qxb7 19. Nd4 Bf6 20. Ndb5 d5 21. Kh1
Rfb8 22. Rab1 Qb6 23. a4 d4 24. Ne4 Rxa4 25. Nbd6 Rb4 26. Qh5 g6 27. Qh3 Rb3 28.
Qh6 Bg7 29. Qh4 Qd8 30. Ng5 h6 31. Ndxf7 hxg5 32. fxg5 Qe7 33. Rf2 R3b5 34. Qe4
Rf5 0-1

[Event "Hasselbacken Open 2016"]
[Site "Stockholm SWE"]
[Date "2016.05.07"]
[Round "8.29"]
[White "Morros Faura, Ricard"]
[Black "Sagit, Rauan"]
[Result "0-1"]
[BlackTitle "FM"]
[WhiteElo "2205"]
[BlackElo "2389"]
[WhiteFideId "2294311"]
[BlackFideId "1708376"]
[EventDate "2016.04.30"]

1. e4 c5 2. Nf3 d6 3. d4 cxd4 4. Qxd4 e5 5. Bb5+ Nd7 6. Qd3 a6 7. Bxd7+ Bxd7 8.
Nc3 h6 9. O-O Nf6 10. a4 Rc8 11. Nd2 Qc7 12. Rd1 Bg4 13. f3 Be6 14. Nf1 Be7 15.
Ne3 O-O 16. Kh1 Rfd8 17. Ncd5 Nxd5 18. exd5 Bd7 19. a5 Rf8 20. g4 Bg5 21. c3
Bxe3 22. Bxe3 f5 23. g5 hxg5 24. Rg1 g4 25. f4 Qc4 26. Qxc4 Rxc4 27. Rgf1 Re4
28. Bd2 Bb5 29. Rfe1 exf4 30. b3 Be2 31. c4 f3 32. Kg1 f4 33. Kf2 g3+ 34. hxg3
fxg3+ 35. Kxg3 f2 36. Rf1 Rg4+ 37. Kh2 Rf5 0-1

[Event "Hasselbacken Open 2016"]
[Site "Stockholm SWE"]
[Date "2016.05.07"]
[Round "8.31"]
[White "Hedman, Erik"]
[Black "Lundvik, Jonas"]
[Result "1-0"]
[WhiteTitle "FM"]
[WhiteElo "2354"]
[BlackElo "2204"]
[WhiteFideId "1702351"]
[BlackFideId "1704567"]
[EventDate "2016.04.30"]

1. Nf3 Nf6 2. c4 g6 3. d4 Bg7 4. Nc3 d5 5. Bg5 Ne4 6. Bf4 Nxc3 7. bxc3 O-O 8.
cxd5 Qxd5 9. e3 Qa5 10. Qd2 c5 11. Be2 Nc6 12. Rb1 a6 13. O-O cxd4 14. cxd4 Qxd2
15. Nxd2 e5 16. dxe5 Bxe5 17. Bh6 Bg7 18. Bxg7 Kxg7 19. Rfc1 Nd8 20. Rb2 b5 21.
a4 bxa4 22. Bf3 a3 23. Bxa8 axb2 24. Rxc8 Ne6 25. Rxf8 Kxf8 26. Be4 Nc5 27. Bc2
Ke7 28. Kf1 Ke6 29. Ke2 Kd5 30. Bb1 f5 31. Kd1 Na4 32. Kc2 Kc5 33. Kb3 Nb6 34.
Kxb2 Kb4 35. Ba2 h6 36. Bf7 g5 37. Be6 f4 38. exf4 gxf4 39. Kc2 Na4 40. Ne4 a5
41. g3 fxg3 42. hxg3 Nb6 43. f4 1-0

[Event "Hasselbacken Open 2016"]
[Site "Stockholm SWE"]
[Date "2016.05.07"]
[Round "8.32"]
[White "Nihal, Sarin"]
[Black "Brzezinski, Adam"]
[Result "1-0"]
[WhiteTitle "FM"]
[WhiteElo "2351"]
[BlackElo "2203"]
[WhiteFideId "25092340"]
[BlackFideId "1710460"]
[EventDate "2016.04.30"]

1. d4 Nf6 2. c4 e6 3. Nf3 c5 4. d5 d6 5. Nc3 exd5 6. cxd5 g6 7. Bf4 a6 8. Nd2
Nh5 9. Qa4+ Qd7 10. Qe4+ Be7 11. Bh6 f5 12. Qc2 b5 13. g4 fxg4 14. a4 b4 15.
Nce4 Bb7 16. Nc4 Bxd5 17. Rd1 Qe6 18. Rxd5 Qxd5 19. Nb6 Qc6 20. Nxa8 Qxa8 21.
Bg2 Qa7 22. O-O Nd7 23. Rd1 Qc7 24. Qc4 Ne5 25. Qe6 Nf7 26. Bg5 Nxg5 27. Nxg5
Nf6 28. Nf7 Kf8 29. Nxh8 1-0

[Event "Hasselbacken Open 2016"]
[Site "Stockholm SWE"]
[Date "2016.05.07"]
[Round "8.33"]
[White "Olund, Joar"]
[Black "Ronneland, Daniel"]
[Result "1-0"]
[WhiteTitle "FM"]
[WhiteElo "2339"]
[BlackElo "2196"]
[WhiteFideId "1714848"]
[BlackFideId "1702130"]
[EventDate "2016.04.30"]

1. d4 Nf6 2. Bg5 d5 3. Bxf6 exf6 4. e3 Be6 5. Nd2 c6 6. Bd3 f5 7. Ne2 Bd6 8. c4
dxc4 9. Bxc4 Bxc4 10. Nxc4 O-O 11. O-O Na6 12. Nc3 b5 13. Nd2 Nc7 14. Qf3 Qd7
15. Rfd1 Rfd8 16. g3 a5 17. d5 cxd5 18. Nxd5 Nxd5 19. Qxd5 Be7 20. Qxd7 Rxd7 21.
Nb3 Rxd1+ 22. Rxd1 a4 23. Nd4 Bf6 24. Rc1 g6 25. Rc5 b4 26. Rb5 Be7 27. Nc6 Bf8
28. Nxb4 Rc8 29. a3 Rc1+ 30. Kg2 Rb1 31. Nc2 Rc1 32. Nd4 Kg7 33. Kf3 Bc5 34. Ra5
Rc4 35. Ne2 g5 36. Nc3 g4+ 37. Ke2 Bxa3 38. Rxa4 Rxa4 39. Nxa4 Bb4 40. Nb6 f6
41. Nd5 Bd6 42. Kd3 Kf7 43. b4 Ke6 44. Kc4 Ke5 45. b5 h5 46. b6 Ke4 47. Nxf6+
Kf3 48. Kd5 Bb8 49. Nd7 1-0

[Event "Hasselbacken Open 2016"]
[Site "Stockholm SWE"]
[Date "2016.05.07"]
[Round "8.34"]
[White "Tuomainen, Felix"]
[Black "Berovski, Krum"]
[Result "1/2-1/2"]
[WhiteElo "2205"]
[BlackElo "2339"]
[WhiteFideId "1720813"]
[BlackFideId "2902931"]
[EventDate "2016.04.30"]

1. d4 Nf6 2. c4 e6 3. Nc3 Bb4 4. Qc2 O-O 5. a3 Bxc3+ 6. Qxc3 b6 7. Bg5 Bb7 8. e3
d6 9. Ne2 Nbd7 10. Rd1 Ne4 11. Bxd8 Nxc3 12. Nxc3 Rfxd8 13. f3 Kf8 14. Kf2 Ke7
15. Bd3 h5 16. Rhe1 g5 17. Be4 Bxe4 18. Nxe4 Rg8 19. g3 f5 20. Nc3 Nf6 21. e4
fxe4 22. Nxe4 Raf8 23. Kg2 Kd7 24. Re3 h4 25. Rde1 Nh5 26. Nc3 Rg6 27. Ne4 Rh8
28. R3e2 hxg3 29. hxg3 Nf6 30. Nxf6+ Rxf6 1/2-1/2

[Event "Hasselbacken Open 2016"]
[Site "Stockholm SWE"]
[Date "2016.05.07"]
[Round "8.35"]
[White "Ornstein, Axel"]
[Black "Risting, Eivind Olav"]
[Result "0-1"]
[WhiteTitle "IM"]
[BlackTitle "FM"]
[WhiteElo "2325"]
[BlackElo "2175"]
[WhiteFideId "1700111"]
[BlackFideId "1517333"]
[EventDate "2016.04.30"]

1. c4 e5 2. g3 Nc6 3. Bg2 Bc5 4. a3 a6 5. Nc3 d6 6. e3 Ba7 7. Nge2 h5 8. d4 h4
9. Bxc6+ bxc6 10. dxe5 hxg3 11. Nxg3 dxe5 12. Qxd8+ Kxd8 13. Nce4 Be6 14. b3 Rb8
15. Ng5 Rxb3 16. Nxe6+ fxe6 17. Bb2 Rxb2 18. O-O-O+ Bd4 19. Rxd4+ exd4 20. Kxb2
dxe3 21. fxe3 Rh4 22. Kc3 Nf6 23. Rd1+ Ke7 24. Rd2 g5 25. Rg2 Ng4 26. Nf1 Kf6
27. Kb4 Ne5 28. Nd2 a5+ 29. Kxa5 Nxc4+ 30. Nxc4 Rxc4 31. a4 e5 32. Ra2 Kf5 33.
Ka6 Rb4 34. a5 Ke4 35. Rg2 c5 36. Rxg5 c4 37. h4 c3 38. Rg4+ Kd5 39. Rg1 Rxh4
40. Kb7 c5 41. a6 Rh7+ 42. Kb6 Kc4 43. a7 Rh8 44. e4 c2 45. Rc1 Kd3 46. Kxc5 Rd8
47. Kc6 Kd2 48. Rh1 c1=Q+ 49. Rxc1 Kxc1 50. Kc7 Ra8 51. Kd6 Kd2 52. Kxe5 Ke3 0-1

[Event "Hasselbacken Open 2016"]
[Site "Stockholm SWE"]
[Date "2016.05.07"]
[Round "8.36"]
[White "Ozen, Deniz"]
[Black "Bruchmann, Stephan"]
[Result "1/2-1/2"]
[WhiteTitle "FM"]
[BlackTitle "FM"]
[WhiteElo "2139"]
[BlackElo "2318"]
[WhiteFideId "6349196"]
[BlackFideId "4624432"]
[EventDate "2016.04.30"]

1. e4 d5 2. exd5 Qxd5 3. Nc3 Qd8 4. Nf3 c6 5. d4 Nf6 6. Bc4 Bf5 7. O-O e6 8. Re1
Be7 9. h3 O-O 10. Nh4 Bg6 11. Nxg6 hxg6 12. Ne4 Nxe4 13. Rxe4 Nd7 14. Re1 Nb6
15. Be2 Qc7 16. c3 c5 17. dxc5 Bxc5 18. Bf3 Rfd8 19. Qe2 Be7 20. Be3 Nd5 21.
Bxd5 Rxd5 22. Rad1 Rad8 23. Rxd5 Rxd5 24. Rd1 Rxd1+ 25. Qxd1 a6 26. Qd3 Bf6 27.
a3 Qc6 28. Bf4 Qd5 29. Qxd5 exd5 30. Be3 Kf8 31. Kf1 Ke7 32. Ke2 Be5 33. Kd3 f6
34. Bc5+ Ke6 35. a4 g5 36. b3 b5 37. axb5 axb5 38. c4 bxc4+ 39. bxc4 1/2-1/2

[Event "Hasselbacken Open 2016"]
[Site "Stockholm SWE"]
[Date "2016.05.07"]
[Round "8.37"]
[White "Aronsson, Marten"]
[Black "Gamback, Bjorn"]
[Result "1-0"]
[BlackTitle "CM"]
[WhiteElo "2304"]
[BlackElo "2184"]
[WhiteFideId "1724223"]
[BlackFideId "1703161"]
[EventDate "2016.04.30"]

1. d4 Nf6 2. Nf3 d5 3. c4 e6 4. g3 Be7 5. Bg2 O-O 6. O-O Ne4 7. Nc3 Nxc3 8. bxc3
Nd7 9. Qd3 a5 10. Nd2 Nf6 11. cxd5 exd5 12. e4 dxe4 13. Nxe4 Ra6 14. Rb1 Nd5 15.
Rb5 c6 16. Rb1 b5 17. a3 Ra7 18. Rd1 Bg4 19. Re1 Nb6 20. Nd2 Qd7 21. Be4 f5 22.
Bg2 f4 23. Be4 Bf5 24. c4 fxg3 25. hxg3 Bxe4 26. Rxe4 Qf5 27. Qe2 Nxc4 28. Nxc4
bxc4 29. Qxc4+ Kh8 30. Qe2 h6 31. Rb6 Qf3 32. a4 c5 33. Rbe6 Qxe2 34. Rxe2 Rf7
35. Ba3 Rf3 36. Bb2 Rb3 37. dxc5 Bxc5 38. Rxh6+ Kg8 39. Rh5 Bb6 40. Kg2 Rc7 41.
Rh4 Rb7 42. Be5 Re7 43. Rc4 Kf7 44. f4 Rd7 45. Rec2 Bd8 46. R2c3 Rb2+ 47. Kf3
Ra2 48. g4 Rdd2 49. g5 Rf2+ 50. Ke4 Rfe2+ 51. Re3 Red2 52. Rb3 Rd7 53. Rb5 Re2+
54. Kf3 Re1 55. Rc6 Red1 56. g6+ Kf8 57. Rb8 Ke8 58. Ra6 R1d5 59. Kg4 Rc5 60.
Re6+ Re7 61. Kf5 Rc4 62. Rxe7+ Kxe7 63. Bxg7 Bc7 64. Bf6+ Kd7 65. g7 Rxf4+ 66.
Kg5 Bxb8 67. g8=Q Bc7 68. Qd5+ Kc8 69. Be5 Rxa4 70. Qc6 1-0

[Event "Hasselbacken Open 2016"]
[Site "Stockholm SWE"]
[Date "2016.05.07"]
[Round "8.38"]
[White "Rydstrom, Tom"]
[Black "Isetoft, Daniel"]
[Result "0-1"]
[WhiteTitle "FM"]
[WhiteElo "2302"]
[BlackElo "2173"]
[WhiteFideId "1714830"]
[BlackFideId "1708996"]
[EventDate "2016.04.30"]

1. e4 c5 2. Nf3 d6 3. d4 cxd4 4. Nxd4 Nf6 5. Nc3 a6 6. Bg5 Nbd7 7. Be2 b5 8. a3
Bb7 9. f3 e6 10. Qd2 h6 11. Be3 Rc8 12. O-O Be7 13. Rad1 Ne5 14. Qe1 g5 15. Kh1
Rg8 16. a4 Nc4 17. Bxc4 bxc4 18. e5 Nd5 19. exd6 Qxd6 20. Bf2 Rg6 21. Qd2 Qb4
22. Rfe1 Rd8 23. Qe2 Kf8 24. Nxd5 Rxd5 25. b3 cxb3 26. cxb3 Bd6 27. Qc2 g4 28.
fxg4 Rxg4 29. Nc6 Bxc6 30. Qxc6 Qxb3 31. Rb1 Qxa4 32. Qc8+ Kg7 33. Qc3+ Kg8 34.
Rb7 Rh5 35. g3 Qc4 36. Qb2 Qc6+ 37. Kg1 Bxg3 38. Bxg3 Rxg3+ 39. hxg3 Qh1+ 40.
Kf2 Rh2+ 0-1

[Event "Hasselbacken Open 2016"]
[Site "Stockholm SWE"]
[Date "2016.05.07"]
[Round "8.39"]
[White "Ziegler, Ari"]
[Black "Nieminen, Kari"]
[Result "0-1"]
[WhiteTitle "IM"]
[WhiteElo "2296"]
[BlackElo "2127"]
[WhiteFideId "1700987"]
[BlackFideId "500739"]
[EventDate "2016.04.30"]

1. e4 c5 2. Nf3 e6 3. d4 cxd4 4. Nxd4 Nf6 5. Nc3 d6 6. g4 h6 7. h4 e5 8. Bb5+
Bd7 9. Bxd7+ Qxd7 10. Nf5 Nc6 11. f3 g6 12. Nxh6 Bxh6 13. Bxh6 Rxh6 14. g5 Rh5
15. gxf6 O-O-O 16. Qd5 g5 17. O-O-O Rxh4 18. Qd2 Rxh1 19. Rxh1 g4 20. f4 exf4
21. Qxf4 Kb8 22. Rd1 Ne5 23. a4 a6 24. Kb1 Qe6 25. Nd5 Re8 26. Ne7 Rd8 27. b3
Ka8 28. Nd5 Kb8 29. Qe3 Rc8 30. Rd4 Rc5 31. b4 Rc4 32. a5 Rxd4 33. Qxd4 Nf3 34.
Qb6 Qd7 35. Qe3 Qc6 36. Qh6 Qc8 37. Ne7 Qe8 38. Qe3 Ne5 39. Qd4 Qd7 40. Nd5 Qc6
41. Ne7 Qc7 42. Nf5 Nc4 43. Ka2 Ne5 44. Kb3 Qd7 45. c4 Qe6 46. Nxd6 g3 47. b5
axb5 48. a6 Nxc4 49. a7+ Ka8 50. Nxb5 Nd6+ 51. Kb4 Qc4+ 52. Qxc4 Nxc4 53. Nd4
Ne5 54. Kc5 g2 55. Ne2 Ng4 56. Kd6 Nxf6 57. e5 Ng4 58. e6 fxe6 59. Kxe6 b5 60.
Kf5 Nf2 61. Ke5 Nh3 62. Kd4 Kxa7 0-1

[Event "Hasselbacken Open 2016"]
[Site "Stockholm SWE"]
[Date "2016.05.07"]
[Round "8.40"]
[White "Eriksson, Jon"]
[Black "Backlund, Anders"]
[Result "1/2-1/2"]
[WhiteElo "2130"]
[BlackElo "2287"]
[WhiteFideId "503894"]
[BlackFideId "1702718"]
[EventDate "2016.04.30"]

1. Nf3 c5 2. c4 Nc6 3. d4 cxd4 4. Nxd4 g6 5. e4 Bg7 6. Be3 Nf6 7. Nc3 O-O 8. Be2
d6 9. O-O Bd7 10. Qd2 Nxd4 11. Bxd4 Bc6 12. f3 a5 13. b3 Nd7 14. Be3 Nc5 15.
Rab1 Qb6 16. Rfc1 Rfc8 17. Rc2 Qd8 18. Bf1 h5 19. Rd1 Kh7 20. Nd5 e6 21. Nc3 Be5
22. Nb5 Bxb5 23. cxb5 Qe8 24. Qe2 Qe7 25. g3 Bg7 26. Bg2 Rd8 27. f4 e5 28. f5
Bh6 29. Bf2 b6 30. Kh1 Rac8 31. h4 Re8 32. Bh3 Rcd8 33. Rd5 g5 34. Bg2 g4 35.
Qd1 Qf6 36. Rc3 Bf8 37. Be3 Bh6 38. Bf2 Bf8 39. a3 Rc8 40. Rc2 Qh6 41. Kg1 Kg8
42. Qf1 1/2-1/2

[Event "Hasselbacken Open 2016"]
[Site "Stockholm SWE"]
[Date "2016.05.07"]
[Round "8.41"]
[White "Efroimski, Marsel"]
[Black "Jakenberg, Jussi"]
[Result "1-0"]
[WhiteTitle "WIM"]
[WhiteElo "2278"]
[BlackElo "2036"]
[WhiteFideId "2810964"]
[BlackFideId "1710931"]
[EventDate "2016.04.30"]

1. e4 e5 2. Nf3 Nf6 3. Nc3 Nc6 4. Bb5 Bc5 5. d3 Nd4 6. Bc4 O-O 7. Bg5 c6 8. Nxd4
exd4 9. Ne2 d5 10. exd5 cxd5 11. Bb3 h6 12. Bxf6 Qxf6 13. O-O Be6 14. Qd2 Rad8
15. Qf4 Qxf4 16. Nxf4 Bd6 17. Ne2 Bc5 18. Ng3 g6 19. Rfe1 Rfe8 20. a3 Kf8 21.
Re2 Bg4 22. Rxe8+ Kxe8 23. Re1+ Be6 24. Ne2 Kd7 25. Nf4 Kd6 26. h3 a6 27. Ne2
Bd7 28. Kf1 Re8 29. Nf4 Rxe1+ 30. Kxe1 Bc6 31. Ke2 Ke5 32. Kf3 Be7 33. Ne2 h5
34. g3 Bc5 35. Kg2 b5 36. f4+ Kf6 37. Ng1 Ke6 38. Nf3 f6 39. Kf2 Bb7 40. Ke2 Bc6
41. Nd2 Kd6 42. Kf3 Bd7 43. g4 hxg4+ 44. hxg4 Bb6 45. Ba2 a5 46. b4 a4 47. Nf1
Ba7 48. Ng3 Bb6 49. Ne2 Bc6 50. Bb1 Be8 51. c3 dxc3 52. d4 g5 53. f5 Bc6 54. Ke3
Bd8 55. Nxc3 Kc7 56. Bd3 Kb6 57. Bf1 Bc7 58. Ne2 Bh2 59. Bg2 Bb8 60. Kd3 Kc7 61.
Nc3 Kd6 62. Ke3 Kd7 63. Bxd5 Bf4+ 64. Kd3 Bc1 65. Bxc6+ Kxc6 66. d5+ Kd7 67.
Nxb5 1-0

[Event "Hasselbacken Open 2016"]
[Site "Stockholm SWE"]
[Date "2016.05.07"]
[Round "8.42"]
[White "Ask, Josef"]
[Black "Brunner, Nicolas"]
[Result "1/2-1/2"]
[BlackTitle "IM"]
[WhiteElo "2118"]
[BlackElo "2447"]
[WhiteFideId "1704583"]
[BlackFideId "620246"]
[EventDate "2016.04.30"]

1. e4 c5 2. b3 g6 3. Bb2 Nf6 4. Qf3 d6 5. Nc3 Bg7 6. Bb5+ Nbd7 7. Nge2 O-O 8. d4
cxd4 9. Nxd4 Nc5 10. a4 a6 11. Bc4 Ng4 12. Rd1 Ne5 13. Qe2 Bd7 14. b4 Nxc4 15.
Qxc4 Nxa4 16. Nxa4 Bxa4 17. O-O Rc8 18. Qa2 Bxc2 19. Rd2 Bxe4 20. Ne6 fxe6 21.
Qxe6+ Rf7 22. Qxe4 Bxb2 23. Rxb2 Qb6 24. Qe6 Rc7 25. g3 Qd4 26. Rb3 Kg7 27. b5
Rc2 28. Qe1 Rd2 29. bxa6 Rfxf2 30. Rxf2 Rd1 31. Re3 bxa6 32. Rxe7+ Kh6 33. Qxd1
Qxd1+ 34. Kg2 Qd5+ 35. Kg1 Qd4 36. Kg2 a5 37. Rff7 a4 38. Rxh7+ Kg5 39. Ra7 Qe4+
40. Kf2 Qd4+ 41. Kf3 Qd3+ 42. Kf2 a3 43. Rhf7 Qd2+ 44. Kf3 Qd3+ 45. Kf2 Qd2+ 46.
Kf3 Qd3+ 1/2-1/2

[Event "Hasselbacken Open 2016"]
[Site "Stockholm SWE"]
[Date "2016.05.07"]
[Round "8.43"]
[White "Stark, Lars"]
[Black "Hansson, Fredrik"]
[Result "1/2-1/2"]
[WhiteTitle "IM"]
[WhiteElo "2409"]
[BlackElo "2160"]
[WhiteFideId "4676386"]
[BlackFideId "1713256"]
[EventDate "2016.04.30"]

1. Nf3 d5 2. c4 c6 3. g3 Nf6 4. Bg2 g6 5. b3 Bg7 6. Bb2 O-O 7. O-O a5 8. Nc3 Ne4
9. Qc2 Nxc3 10. Bxc3 d4 11. Bb2 c5 12. d3 Nc6 13. Ng5 Qb6 14. Bc1 Nb4 15. Qb1 a4
16. a3 axb3 17. Qxb3 Nd5 18. Rb1 Qxb3 19. Rxb3 Nc3 20. Re1 Ra7 21. Ne4 Na4 22.
Bd2 b6 23. f4 h6 24. Bc1 Bb7 25. g4 f5 26. gxf5 gxf5 27. Nd2 Bxg2 28. Kxg2 Kf7
29. Nf3 Rg8 30. Kf2 Bf6 31. Bd2 Rg4 32. h3 Rg6 33. Rg1 Rxg1 34. Kxg1 Ra8 35. Be1
Rg8+ 36. Kf1 e6 37. Rb1 Ke8 38. Bd2 Kd7 39. Kf2 Kc6 40. Kf1 Rg6 41. Kf2 1/2-1/2

[Event "Hasselbacken Open 2016"]
[Site "Stockholm SWE"]
[Date "2016.05.07"]
[Round "8.44"]
[White "Isetoft, Bengt-Ola"]
[Black "Van Foreest, Lucas"]
[Result "0-1"]
[WhiteElo "2144"]
[BlackElo "2368"]
[WhiteFideId "1708970"]
[BlackFideId "1039792"]
[EventDate "2016.04.30"]

1. c4 b6 2. d4 Nf6 3. Nf3 Bb7 4. Nc3 e6 5. a3 d5 6. Bg5 h6 7. Bxf6 Qxf6 8. cxd5
exd5 9. e3 Nd7 10. Qa4 Qd8 11. Ne5 a6 12. Nc6 Qg5 13. Ne5 Qe7 14. Rc1 Qd6 15. f4
b5 16. Qd1 c5 17. Bd3 c4 18. Bf5 Nf6 19. O-O Be7 20. Qf3 g6 21. Bb1 Qb6 22. g4
Rd8 23. g5 Nh7 24. h4 Rf8 25. f5 f6 26. Nxg6 hxg5 27. Qh5 Kd7 28. Qxh7 Rfe8 29.
hxg5 Qd6 30. Rf3 Kc8 31. Kg2 fxg5 32. Rh1 g4 33. Rg3 Bf6 34. Qh5 b4 35. axb4
Qxb4 36. Qxg4 Qxb2+ 37. Ne2 Bxd4 38. f6+ Kb8 39. f7 Rxe3 40. Rxe3 Bxe3 41. Rf1
d4+ 42. Kg3 d3 43. f8=Q Rxf8 44. Rxf8+ Ka7 45. Re8 Qd2 46. Nef4 Qe1+ 47. Kh3
Qxb1 48. Rxe3 Qh1+ 49. Kg3 Qg1+ 50. Ng2 Qxg2+ 0-1

[Event "Hasselbacken Open 2016"]
[Site "Stockholm SWE"]
[Date "2016.05.07"]
[Round "8.45"]
[White "Welling, Gerard"]
[Black "Vistisen, Lars"]
[Result "1-0"]
[WhiteTitle "IM"]
[WhiteElo "2336"]
[BlackElo "2160"]
[WhiteFideId "1000446"]
[BlackFideId "1404598"]
[EventDate "2016.04.30"]

1. e4 e5 2. Nc3 Nc6 3. Bc4 Be7 4. d3 d6 5. f4 Be6 6. Bxe6 fxe6 7. fxe5 dxe5 8.
Nf3 Nf6 9. O-O O-O 10. Kh1 Bc5 11. Bg5 Qe8 12. Bxf6 Rxf6 13. Ne2 Rd8 14. c3 Rh6
15. b4 Bb6 16. h3 Qh5 17. b5 Ne7 18. Qd2 Rg6 19. Kh2 c5 20. Rad1 c4 21. Qc2 Be3
22. dxc4 Rf8 23. Rd7 Bc5 24. Qd3 Rgf6 25. Rd8 Ng6 26. Rxf8+ Nxf8 27. Ng3 Qf7 28.
Nxe5 Rxf1 29. Nxf7 Rxf7 30. e5 Rd7 31. Qe2 Ng6 32. Ne4 Be7 33. Qg4 Nf8 34. Nf6+
Bxf6 35. exf6 g6 36. c5 Kf7 37. c6 Rd5 38. c4 Rc5 39. Qd4 1-0

[Event "Hasselbacken Open 2016"]
[Site "Stockholm SWE"]
[Date "2016.05.07"]
[Round "8.46"]
[White "Van den Bersselaar, Jeroen"]
[Black "Levushkina, Elena"]
[Result "1/2-1/2"]
[BlackTitle "WGM"]
[WhiteElo "2152"]
[BlackElo "2336"]
[WhiteFideId "1006282"]
[BlackFideId "14200686"]
[EventDate "2016.04.30"]

1. d4 Nf6 2. Nf3 e6 3. e3 d5 4. Bd3 c5 5. c3 Bd6 6. Nbd2 Nbd7 7. O-O O-O 8. Re1
Qc7 9. e4 cxd4 10. cxd4 dxe4 11. Nxe4 Be7 12. Bg5 Qd8 13. Nc3 Nb6 14. Rc1 Nfd5
15. Bxe7 Qxe7 16. Ne5 g6 17. Qd2 Rd8 18. g3 Bd7 19. Ne4 Be8 20. Qh6 Qf8 21. Qh4
Qg7 22. Nc5 Bc6 23. Nxc6 bxc6 24. a3 Qf6 25. Qxf6 Nxf6 26. Nb3 Rd6 27. Ba6 Rb8
28. Na5 Nbd5 29. Bb7 Ne7 30. b4 Rxd4 31. Nxc6 Nxc6 32. Bxc6 Rd3 33. Re3 Rxe3 34.
fxe3 Ng4 35. Rc3 Rd8 36. Bf3 Ne5 37. Be2 Rd2 38. Kf1 Ra2 39. Rc5 Nd7 40. Ra5 Nf6
41. Rxa7 Nd5 42. e4 Nxb4 43. a4 Nc6 44. Ra8+ Kg7 45. Bb5 Nd4 46. Be8 Kf6 47. Ra7
Ke5 48. Rxf7 Rxh2 49. Rf2 Rh1+ 50. Kg2 Rb1 51. Rf7 Rb8 52. Bd7 h6 53. Rh7 h5 54.
Rf7 Rb2+ 55. Rf2 Rb7 56. Be8 g5 57. Bxh5 Ra7 58. Be8 Kxe4 59. Ra2 Ra5 60. Kh3
Kd3 61. Ra3+ Kc4 62. Re3 Kd5 63. Kg4 Kd6 64. Re4 Kd5 65. Re3 Ra8 66. Bd7 Ra7 67.
Be8 Re7 68. Bg6 Ra7 69. Be8 Rg7 70. a5 Ra7 71. Ra3 e5 72. Kxg5 e4 73. Bg6 Ne6+
74. Kf6 Nc5 75. Bh5 Kd4 76. Be2 e3 77. Kg6 Ne6 78. a6 Nc5 79. g4 Ke4 80. Kf6 Kf4
81. Kg6 Ne4 82. Ra4 Ke5 83. Ra5+ Kd4 84. Ra4+ Ke5 85. Rxe4+ Kxe4 86. Kf6 Rc7 87.
g5 Rc2 88. Bb5 e2 89. Bxe2 Rxe2 90. g6 Ra2 91. g7 Rxa6+ 92. Kf7 Ra7+ 93. Kf8
Rxg7 94. Kxg7 1/2-1/2